000 00849cam a22002054a 4500
005 20250605164210.0
008 250528s ||||||||||||||||||||||||d
035 _a20240
020 _a9602252189
040 _aGR-AtMCL
_bgre
_dGR-AtMCL
_eAACR2
245 1 _aΑρανία, η μικρή αράχνη
250 _a
260 _bΕ.Ρώσση,
_c2003
300 _a36
520 _aΗ "Αρανία, η μικρή αράχνη" είναι μία ιστορία μυστηρίου το τέλος της οποίας ούτε η ίδια συγγραφέας γνωρίζει. Είναι επίσης μία ιστορία αγάπης για όλα τα μαγικά και αξιοθαύμαστα που φέρνει η ζωή...
700 1 _aΔρακοπούλου Αθηνά
_96263
942 _cBK
999 _c5373
_d5373